Arte de cenizas : poesía escogida (1991-1999) /
Furkejuvvon:
| Váldodahkki: | |
|---|---|
| Materiálatiipa: | Dovdameahttun |
| Giella: | Spanish |
| Almmustuhtton: |
San Juan, Puerto Rico :
Instituto de Cultura Puertorriqueña,
2004.
|
| Ráidu: | (Poesía /
|
| Fáttát: | |
| Fáddágilkorat: |
Lasit fáddágilkoriid
Eai fáddágilkorat, Lasit vuosttaš fáddágilkora!
|
MARC
| LEADER | 000000000a22000000004500 | ||
|---|---|---|---|
| 001 | 004174 | ||
| 020 | |a 0865815992 | ||
| 041 | 0 | |a spa | |
| 082 | 0 | 4 | |a PR863.4 |b L864a |
| 100 | 1 | |a López Adorno, Pedro, |d 1954- | |
| 245 | 1 | 0 | |a Arte de cenizas : |b poesía escogida (1991-1999) / |c Pedro López Adorno. |
| 260 | 1 | |a San Juan, Puerto Rico : |b Instituto de Cultura Puertorriqueña, |c 2004. | |
| 300 | |a 79 páginas | ||
| 490 | 1 | |a (Poesía / |c Instituto de Cultura Puertorriqueña) | |
| 500 | |a Otro título: Poesía escogida -- El autor reside en Nueva York | ||
| 500 | |a Colección George Yúdice | ||
| 650 | 4 | |a LITERATURA PUERTORRIQUEÑA | |
| 650 | 4 | |a POESIA | |
| 999 | |c 10439 |d 10439 | ||
| 942 | |c BK |h PR863.4 L864a |2 z | ||



